000 03792nam a22005895i 4500
001 978-3-319-55619-2
003 DE-He213
005 20210118123820.0
007 cr nn 008mamaa
008 170422s2017 gw | s |||| 0|eng d
020 _a9783319556192
_9978-3-319-55619-2
024 7 _a10.1007/978-3-319-55619-2
_2doi
050 4 _aQC174.45-174.52
072 7 _aPHQ
_2bicssc
072 7 _aSCI057000
_2bisacsh
072 7 _aPHS
_2thema
082 0 4 _a530.14
_223
100 1 _aArodz, Henryk.
_eauthor.
_4aut
_4http://id.loc.gov/vocabulary/relators/aut
245 1 0 _aLectures on Classical and Quantum Theory of Fields
_h[electronic resource] /
_cby Henryk Arodz, Leszek Hadasz.
250 _a2nd ed. 2017.
264 1 _aCham :
_bSpringer International Publishing :
_bImprint: Springer,
_c2017.
300 _aXI, 353 p. 34 illus.
_bonline resource.
336 _atext
_btxt
_2rdacontent
337 _acomputer
_bc
_2rdamedia
338 _aonline resource
_bcr
_2rdacarrier
347 _atext file
_bPDF
_2rda
490 1 _aGraduate Texts in Physics,
_x1868-4513
505 0 _aIntroduction -- The Euler–Lagrange Equations and Noether’s Theorem -- Scalar Fields -- Vector Fields -- Relativistic Spinor Fields -- The Quantum Theory of Free Fields -- Perturbative Expansion in the φ44 Model -- Renormalization -- The Renormalization Group -- Relativistic Invariance and the Spectral Decomposition of G(2) -- Paths Integrals in QFT -- The Perturbative Expansion for Non-Abelian Gauge Fields -- The Simplest Supersymmetric Models -- Anomalies -- Appendices: Some facts about generalized functions.
520 _aThis textbook addresses graduate students starting to specialize in theoretical physics. It provides didactic introductions to the main topics in the theory of fields, while taking into account the contemporary view of the subject. The student will find concise explanations of basic notions essential for applications of the theory of fields as well as for frontier research in theoretical physics. One third of the book is devoted to classical fields. Each chapter contains exercises of varying degree of difficulty with hints or solutions, plus summaries and worked examples as useful. It aims to deliver a unique combination of classical and quantum field theory in one compact course.
650 0 _aQuantum field theory.
650 0 _aString theory.
650 0 _aElementary particles (Physics).
650 1 4 _aQuantum Field Theories, String Theory.
_0http://scigraph.springernature.com/things/product-market-codes/P19048
650 2 4 _aElementary Particles, Quantum Field Theory.
_0http://scigraph.springernature.com/things/product-market-codes/P23029
700 1 _aHadasz, Leszek.
_eauthor.
_4aut
_4http://id.loc.gov/vocabulary/relators/aut
710 2 _aSpringerLink (Online service)
773 0 _tSpringer eBooks
776 0 8 _iPrinted edition:
_z9783319556178
776 0 8 _iPrinted edition:
_z9783319556185
776 0 8 _iPrinted edition:
_z9783319857107
830 0 _aGraduate Texts in Physics,
_x1868-4513
856 4 0 _uhttps://doi.org/10.1007/978-3-319-55619-2
912 _aZDB-2-PHA
999 _c446270
_d446270
942 _cEB
506 _aAvailable to subscribing member institutions only. Доступно лише організаціям членам підписки.
506 _fOnline access from local network of NaUOA.
506 _fOnline access with authorization at https://link.springer.com/
506 _fОнлайн-доступ з локальної мережі НаУОА.
506 _fОнлайн доступ з авторизацією на https://link.springer.com/